Statistieken voor Moderne landen van het Ottomaanse Rijk

Klik hier om de quiz te nemen!

Algemene statistieken

  • Deze quiz is 53 keer genomen
  • De gemiddelde score is 29 van 31

Antwoorden op de kaart

Antwoorden kleurgecodeerd door een groen-rode schaal op de quizkaart volgens % correct hieronder.
 

Antwoordstatistieken

Land% Correct
Egypte
100%
Irak
100%
Kosovo
100%
Libië
100%
Moldavië
100%
Oekraïne
100%
Roemenië
100%
Rusland
100%
Servië
100%
Albanië
98%
Bosnië en Herzegovina
98%
Bulgarije
98%
Cyprus
98%
Griekenland
98%
Israël
98%
Jordanië
98%
Kroatië
98%
Montenegro
98%
Syrië
98%
Tunesië
98%
Turkije
98%
Hongarije
95%
Algerije
93%
Libanon
93%
Noord-Macedonië
93%
Saoedi-Arabië
93%
Slowakije
93%
Georgië
90%
Koeweit
90%
Soedan
70%
Eritrea
65%

Scoreverdeling

Percentiel versus Aantal Correcte Antwoorden

Procent van Mensen met Elke Score

Uw Scoregeschiedenis

U heeft deze quiz nog niet genomen